| 000 | 00421nam a2200169Ia 4500 | ||
|---|---|---|---|
| 003 | OSt | ||
| 005 | 20230831164000.0 | ||
| 008 | 230125s9999 xx 000 0 und d | ||
| 020 | _a9789385285394 | ||
| 082 |
_a282.092 _bVAS |
||
| 100 | _aVATSYAYAN, Kapila, ed. | ||
| 245 | 0 | _aRaimundo Panikkar: a pilgrim across worlds | |
| 260 |
_bNiyogi Books _c2016 _aNew Delhi |
||
| 300 | _a495 | ||
| 650 | _aReligion | ||
| 942 |
_cBK _2ddc |
||
| 999 |
_c393 _d393 |
||